<?xml version="1.0" encoding="UTF-8"?>
<record
    xmlns:xsi="http://www.w3.org/2001/XMLSchema-instance"
    xsi:schemaLocation="http://www.loc.gov/MARC21/slim http://www.loc.gov/standards/marcxml/schema/MARC21slim.xsd"
    xmlns="http://www.loc.gov/MARC21/slim">

  <leader>01538cam a22002054a 4500</leader>
  <controlfield tag="005">20251005133600.0</controlfield>
  <datafield tag="020" ind1=" " ind2=" ">
    <subfield code="a">0072987383</subfield>
    <subfield code="c">TZS  80,000 /=</subfield>
  </datafield>
  <datafield tag="040" ind1=" " ind2=" ">
    <subfield code="a">MCCL</subfield>
    <subfield code="b">eng.</subfield>
    <subfield code="e">AACR 2nd rev.ed.</subfield>
  </datafield>
  <datafield tag="082" ind1="0" ind2="0">
    <subfield code="a">658.3 HUM</subfield>
  </datafield>
  <datafield tag="245" ind1="0" ind2="0">
    <subfield code="a">Human resource management :</subfield>
    <subfield code="b">gaining a competitive advantage /</subfield>
    <subfield code="c">Raymond A. Noe...[at   all].</subfield>
  </datafield>
  <datafield tag="250" ind1=" " ind2=" ">
    <subfield code="a">5th ed.</subfield>
  </datafield>
  <datafield tag="260" ind1=" " ind2=" ">
    <subfield code="a">Boston :</subfield>
    <subfield code="b">McGraw-Hill,</subfield>
    <subfield code="c">2006.</subfield>
  </datafield>
  <datafield tag="300" ind1=" " ind2=" ">
    <subfield code="a">xxxiv, 749 p. :</subfield>
    <subfield code="b"> ill. ;</subfield>
    <subfield code="c">26 cm.</subfield>
  </datafield>
  <datafield tag="504" ind1=" " ind2=" ">
    <subfield code="a">Includes bibliographical references and index.</subfield>
  </datafield>
  <datafield tag="520" ind1=" " ind2=" ">
    <subfield code="a">As competitors strive to win the war for talent, effective human resource management is necessary to gain true competitive advantage in the marketplace. Three challenges companies face are sustainability, technology, and globalization. Human Resource Management 5th Edition brings these challenges to life by highlighting real-world examples pertaining to these issues and relating it to the concepts within the chapter. This best-selling McGraw-Hill/Irwin Human Resource Management title provides students with the technical background needed to be a knowledgeable consumer of human resource (HR) products and services, to manage HR effectively, or to be a successful HR professional. While clearly strategic in nature, the text also emphasizes how managers can more effectively acquire, develop, compensate, and manage the internal and external environment that relates to the management of human resources.
</subfield>
  </datafield>
  <datafield tag="650" ind1=" " ind2="0">
    <subfield code="a">Personnel management</subfield>
  </datafield>
  <datafield tag="650" ind1=" " ind2="0">
    <subfield code="a">Organizatin.</subfield>
  </datafield>
  <datafield tag="700" ind1="1" ind2=" ">
    <subfield code="a">Wright, Patrick M. </subfield>
  </datafield>
  <datafield tag="942" ind1=" " ind2=" ">
    <subfield code="c">BK</subfield>
  </datafield>
  <datafield tag="999" ind1=" " ind2=" ">
    <subfield code="c">11897</subfield>
    <subfield code="d">11897</subfield>
  </datafield>
  <datafield tag="952" ind1=" " ind2=" ">
    <subfield code="0">0</subfield>
    <subfield code="1">0</subfield>
    <subfield code="4">0</subfield>
    <subfield code="7">0</subfield>
    <subfield code="a">MU002</subfield>
    <subfield code="b">MU002</subfield>
    <subfield code="d">2010-04-01</subfield>
    <subfield code="e">TZ book support trust</subfield>
    <subfield code="l">0</subfield>
    <subfield code="o">658.3 HUM.</subfield>
    <subfield code="p">004569</subfield>
    <subfield code="r">2025-10-05 13:37:38</subfield>
    <subfield code="t">1</subfield>
    <subfield code="w">2025-10-05</subfield>
    <subfield code="y">BK</subfield>
  </datafield>
  <datafield tag="952" ind1=" " ind2=" ">
    <subfield code="0">0</subfield>
    <subfield code="1">0</subfield>
    <subfield code="4">0</subfield>
    <subfield code="7">0</subfield>
    <subfield code="a">MU002</subfield>
    <subfield code="b">MU002</subfield>
    <subfield code="d">2010-04-01</subfield>
    <subfield code="e">TZ book support trust</subfield>
    <subfield code="l">0</subfield>
    <subfield code="o">658.3 HUM.</subfield>
    <subfield code="p">004570</subfield>
    <subfield code="r">2025-10-05 13:37:38</subfield>
    <subfield code="t">2</subfield>
    <subfield code="w">2025-10-05</subfield>
    <subfield code="y">BK</subfield>
  </datafield>
  <datafield tag="952" ind1=" " ind2=" ">
    <subfield code="0">0</subfield>
    <subfield code="1">0</subfield>
    <subfield code="4">0</subfield>
    <subfield code="7">0</subfield>
    <subfield code="a">MU002</subfield>
    <subfield code="b">MU002</subfield>
    <subfield code="d">2010-04-01</subfield>
    <subfield code="e">TZ book support trust</subfield>
    <subfield code="l">0</subfield>
    <subfield code="o">658.3 HUM.</subfield>
    <subfield code="p">004571</subfield>
    <subfield code="r">2025-10-05 13:37:38</subfield>
    <subfield code="t">3</subfield>
    <subfield code="w">2025-10-05</subfield>
    <subfield code="y">BK</subfield>
  </datafield>
</record>
